000 00826nab a2200253 u 4500
001 21203
003 HDC
007 cr bn ---aaaaa
008 210307c20070726xx dr|noo 0 a eng d
040 _aHDC
100 _aAhmed ElAmin
_eauthor
_916376
245 0 _aUN bodies call for tougher food safety legislation / by
_cAhmed ElAmin
300 _a1 online resource
336 _atext
_2rdacontent
337 _acomputer
_2rdamedia
338 _aonline resource
_2rdacarrier
650 _afood production
_93722
650 _aFood safety legislation
_918819
710 _aHalal Focus
856 _zRequest full-text at [email protected]
942 _2lcc
942 _cNEWS
942 _kNWSO 006507
999 _c18519
_d18519